Länder Europas im Jahre 1815 (mit Karte!) - Statistiken

Allgemein
  • Dieses Quiz wurde 25.556 mal gespielt
  • Das Durchschnittsergebnis liegt bei 37 aus 68
Antworten auf der Karte
Die Antworten werden auf der Karte rot bzw. grün angezeigt, abhängig davon wie oft sie richtig erraten wurden.
 
Antwortstatistiken
Form
Land
% Korrekt
Königreich Frankreich
96%
Königreich Portugal
95%
Reiche u.ä. Russisches Kaiserreich
95%
Königreich Schweden
95%
Reiche u.ä. Spanisches Kolonialreich
95%
Königreich Norwegen
94%
Königreich Dänemark
93%
Reiche u.ä. Kaisertum Österreich
92%
Königreich Bayern
90%
Vereinigtes Königreich Niederlande
90%
Eidgenossenschaft Schweiz
90%
Vereinigtes Königreich Großbritannien und Irland
89%
Königreich Preußen
89%
Fürstentum Andorra
83%
Reiche u.ä. Osmanisches Reich
83%
Königreich Sachsen
81%
Herzogtum Sachsen-Coburg-Saalfeld
81%
Herzogtum Sachsen-Gotha-Altenburg
81%
Herzogtum Sachsen-Hildburghausen
81%
Herzogtum Sachsen-Lauenburg
81%
Herzogtum Sachsen-Meiningen
81%
Großherzogtum Sachsen-Weimar-Eisenach
81%
Großherzogtum Baden
80%
Freie Stadt Hamburg
79%
Freie Stadt Bremen
76%
Fürstentum Monaco
73%
Königreich Sizilien
71%
Königreich Württemberg
69%
Großherzogtum Luxemburg
64%
Großherzogtum Mecklenburg-Schwerin
64%
Kurfürstentum Hessen-Kassel
62%
Großherzogtum Hessen-Darmstadt
61%
Landgrafschaft Hessen-Homburg
60%
Herzogtum Holstein
60%
Königreich Sardinien-Piemont
60%
Großherzogtum Mecklenburg-Strelitz
59%
Freie Stadt Frankfurt am Main
56%
Königreich Hannover
56%
Fürstentum Liechtenstein
56%
Freie Stadt Lübeck
49%
Republik San Marino
49%
Königreich Neapel
47%
Geistliche Staaten Fürstbistum Montenegro
46%
Großherzogtum Toskana
38%
Großherzogtum Oldenburg
31%
Geistliche Staaten Kirchenstaat
30%
Fürstentum Anhalt-Dessau
29%
Fürstentum Anhalt-Bernburg
28%
Fürstentum Anhalt-Köthen
28%
Herzogtum Braunschweig
25%
Freie Stadt Krakau
24%
Fürstentum Hohenzollern-Sigmaringen
23%
Fürstentum Hohenzollern-Hechingen
22%
Fürstentum Schaumburg-Lippe
19%
Fürstentum Lippe
18%
Herzogtum Nassau
18%
Fürstentum Reuß jüngerer Linie
15%
Herzogtum Parma
12%
Fürstentum Reuß älterer Linie
11%
Herzogtum Lucca
9%
Herzogtum Modena und Reggio
9%
Fürstentum Waldeck und Pyrmont
9%
Fürstentum Schwarzburg-Rudolstadt
7%
Fürstentum Schwarzburg-Sondershausen
7%
Republik Cospaia
3%
Mikrostaat Couto Mixto
3%
Fürstentum Lichtenberg
3%
Herzogtum Massa und Carrara
3%
Keine übereinstimmenden Quizze gefunden
Verteilung der Resultate
Anzahl Personen mit jedem Resultat
Perzentil nach korrekt beantworteten Fragen
Ihre Resultats-Entwicklung
Sie haben dieses Quiz noch nicht gespielt